Al-Manar 2 : Silsilah fi ta'alum al-lughah al-Arabiyyah

Bibliographic Details
Main Authors: Nurhafizah Abd. Aziz (Author), Afizjah Artini Jusuh (Author), Aisyah Nabilah Mohd. Tahir (Author), Mohd. Adil Mufti Mohd. Shamsudin (Author), Nazifah Mohd. Said (Author), Sulhah Ramli (Author)
Format: Book
Language:Arabic
Published: Nilai, Negeri Sembilan : Penerbit USIM 2020
Subjects:

MARC

LEADER 00000cam a2200000 7i4500
001 0000142923
005 20211221.0
008 211221s20202020my xb k ara
020 |a 9789674406844 
040 |a PERPUSTAM   |b eng   |c PERPUSTAM   |e rda 
041 |a ara 
090 0 0 |a 492.7   |b NUR 
100 0 |a Nurhafizah Abd. Aziz ,   |e author 
245 1 0 |a Al-Manar 2 :   |b Silsilah fi ta'alum al-lughah al-Arabiyyah   |c Nurhafizah Abd Aziz, Aisyah Nabilah Mohd Tahir, Sulhah Ramli, Nazifah Mohd Said, Afizjah Artini Jusuh, Mohd Adil Mufti Mohd Shamsudin 
246 3 0 |a AL-MANAR 2 SILSILAH FI TA'ALLUM AL-LUGHAH AL-'ARABIYYAH 
264 1 |a Nilai, Negeri Sembilan :   |b Penerbit USIM   |c 2020 
264 4 |c ©2020 
300 |a 150 pages :   |b illustrations, photographs ;   |c 25 cm. 
336 |a text  |2 rdacontent 
337 |a unmediated  |2 rdamedia 
338 |a volume  |2 rdacarrier 
500 |a Contains verses from the Qur'an 
500 |a Includes questions and exercises 
504 |a Bibliography: pages [151] 
650 1 0 |a Arabic language 
650 2 0 |a Government publications   |z Malaysia 
650 2 0 |a Language and languages 
650 2 0 |a Linguistics 
700 0 |a Afizjah Artini Jusuh ,   |e author 
700 0 |a Aisyah Nabilah Mohd. Tahir ,   |e author 
700 0 |a Mohd. Adil Mufti Mohd. Shamsudin ,   |e author 
700 0 |a Nazifah Mohd. Said ,   |e author 
700 0 |a Sulhah Ramli ,   |e author 
999 |a 0000706533   |b Buku   |c Rak Terbuka   |e Perbadanan Perpustakaan Awam Melaka 
999 |a 0000706534   |b Buku   |c Rak Terbuka   |e Perbadanan Perpustakaan Awam Melaka 
999 |a 0000706535   |b Buku   |c Rak Terbuka   |e Perbadanan Perpustakaan Awam Melaka 
999 |a 0000706536   |b Buku   |c Rak Terbuka   |e Perpustakaan Cawangan Jasin 
999 |a 0000706537   |b Buku   |c Rak Terbuka   |e Perpustakaan Cawangan Masjid Tanah 
999 |a 0000706538   |b Buku   |c Rak Terbuka   |e Perpustakaan Cawangan Merlimau 
999 |a 0000706539   |b Buku   |c Rak Terbuka   |e Perpustakaan Komuniti UTC Melaka